000 00593nam a22001937a 4500
005 20250530103419.0
010 _aENG-145036
020 _c270.00
035 _aEN-128568
037 _bDBAD
082 _a230.5
100 _aSai, Vasantha
_981461
245 _aPrema Sai Avatar Part III:
_bSai Digest/
_cVasantha Sai
260 _aTamil Nadu
_bMukthi Nilayam
_c2008
270 _aRoyapalayam Village B.O. Tirumangalam S.O. Madurai-Virudhunagar Road, Madurai Dt.
_bTamil Nadu
_e625706
300 _a251p.:
_c24cm(pb)
490 _vPart 3
942 _2ddc
_cEN
_h230.5
_mSAI
999 _c211459
_d211459